Catálogo público

Efectos en el uso del agua en un distrito de riego, ante cambios de política agrícola y mejoras de la investigación para la adaptación al cambio climático / (Record no. 217648)

MARC details
000 -CABECERA
campo de control de longitud fija 01274nam a22002777a 4500
003 - IDENTIFICADOR DEL NÚMERO DE CONTROL
campo de control OSt
005 - FECHA Y HORA DE LA ÚLTIMA TRANSACCIÓN
campo de control 20221109085640.0
007 - CAMPO FIJO DE DESCRIPCIÓN FÍSICA--INFORMACIÓN GENERAL
campo de control de longitud fija cr ||||||a|c|a
008 - DATOS DE LONGITUD FIJA--INFORMACIÓN GENERAL
campo de control de longitud fija 220905s2019 mx abd|fom||| 001 0 spa d
040 ## - FUENTE DE LA CATALOGACIÓN
Normas de descripción rda
100 1# - ENTRADA PRINCIPAL--NOMBRE DE PERSONA
9 (RLIN) 129977
Nombre de persona Pineda Espejel, Marina Itzel
245 1# - MENCIÓN DE TÍTULO
Título Efectos en el uso del agua en un distrito de riego, ante cambios de política agrícola y mejoras de la investigación para la adaptación al cambio climático /
Mención de responsabilidad, etc. por Marina Itzel Pineda Espejel; director de tesis Ramón Valdivia Alcalá
264 1# - PRODUCCIÓN, PUBLICACIÓN, DISTRIBUCIÓN, FABRICACIÓN Y COPYRIGHT
Producción, publicación, distribución, fabricación y copyright Chapingo, México :
Nombre del de productor, editor, distribuidor, fabricante El autor,
Fecha de producción, publicación, distribución, fabricación o copyright 2019.
300 ## - DESCRIPCIÓN FÍSICA
Extensión 1 recurso en línea (120 páginas);
Otras características físicas gráficas, mapas, tablas
336 ## - TIPO DE CONTENIDO
Término de tipo de contenido texto
Código de tipo de contenido txt
Fuente rdacontenido
337 ## - TIPO DE MEDIO
Nombre/término del tipo de medio computadora
Código del tipo de medio c
Fuente rdamedia
338 ## - TIPO DE SOPORTE
Nombre/término del tipo de soporte recurso en línea
Código del tipo de soporte cr
Fuente rdasoporte
502 ## - NOTA DE TESIS
Tipo de título Maestría en Ciencias en Economía Agrícola y de los Recursos Naturales
Nombre de la institución que otorga el título División de Ciencias Económico Administrativas,
Año de obtención del título 2019.
Información miscelánea Maestría
504 ## - NOTA DE BIBLIOGRAFÍA, ETC.
Nota de bibliografía, etc. Incluye referencias bibliográficas: páginas 88-90.
650 #4 - PUNTO DE ACCESO ADICIONAL DE MATERIA--TÉRMINO DE MATERIA
9 (RLIN) 114956
Término de materia o nombre geográfico como elemento de entrada Trigo
Subdivisión general Agua requerida
650 #4 - PUNTO DE ACCESO ADICIONAL DE MATERIA--TÉRMINO DE MATERIA
9 (RLIN) 103914
Término de materia o nombre geográfico como elemento de entrada Semillas
Subdivisión general Mejoramiento
650 #4 - PUNTO DE ACCESO ADICIONAL DE MATERIA--TÉRMINO DE MATERIA
9 (RLIN) 132129
Término de materia o nombre geográfico como elemento de entrada Cambio climático
Subdivisión general Efecto en suelos
700 1# - PUNTO DE ACCESO ADICIONAL--NOMBRE DE PERSONA
9 (RLIN) 158213
Nombre de persona Valdivia Alcalá, Rámon, dir
Término indicativo de función/relación Director de tesis.
856 ## - LOCALIZACIÓN Y ACCESO ELECTRÓNICOS
Identificador Uniforme del Recurso http://10.13.5.2/tesis/tm/2019_EA_Pineda_Espejel_MarinaItzel.pdf
Nota pública DESCARGAR PDF
942 ## - ELEMENTOS DE PUNTO DE ACCESO ADICIONAL (KOHA)
Fuente del sistema de clasificación o colocación Clasificación Universidad Autónoma Chapingo
Tipo de ítem Koha Tesis digital
Holdings
Estado de retiro Estado de pérdida Fuente del sistema de clasificación o colocación Estado dañado Restricciones de uso No para préstamo Código de colección Localización permanente Ubicación/localización actual Ubicación en estantería Fecha de adquisición Total de préstamos Signatura topográfica completa Fecha visto por última vez Precio válido a partir de Tipo de ítem Koha
    Clasificación Universidad Autónoma de Chapingo   Préstamo interno   Tesis digitales de Maestría Biblioteca Digital Biblioteca Digital En línea 26/01/2023   Tesis digital 26/01/2023 26/01/2023 Tesis digital